| Поле | Инд. | ПП | Название | Значение |
|---|---|---|---|---|
| Тип записи | a | |||
| Библиографический уровень | m | |||
| 001 | Контрольный номер | RU/IS/BASE/418999678 | ||
| 005 | Дата корректировки | 20240330133524.8 | ||
| 020 | a | ISBN | 978-5-91134-610-2 | |
| c | Цена, тираж | 310 р. | ||
| 040 | b | Код языка каталог. | rus | |
| e | Правила каталог. | PSBO | ||
| 041 | 0_ | a | Код языка текста | rus |
| 080 | a | Индекс УДК | 658.562.018(075.8) | |
| a | Индекс УДК | 005.6(075.8) | ||
| 090 | a | Полочн. индекс | 658 | |
| x | Авторский знак | Р 63 | ||
| 097 | b | Оператор | *Ж* | |
| b | Оператор | *Ольга* | ||
| b | Оператор | *Ольга-С* | ||
| 100 | 1_ | a | Автор | Рожков В.Н. |
| 245 | 10 | a | Заглавие | Управление качеством |
| b | Продолж. заглавия | учебник для вузов по направлению 080200 "Менеджмент", дис. "Упр. качеством" | ||
| b | Продолж. заглавия | в составе учебно-методического комплекса | ||
| 260 | a | Место издания | М. | |
| b | Издательство | Форум | ||
| c | Дата издания | 2012 | ||
| 300 | a | Объем | 335 с. | |
| 440 | _0 | a | Серия | Бакалавриат/Магистратура |
| a | Серия | УМК-У | ||
| 516 | 8_ | a | Прим. о типе комп. файла/ данных | Текст : непосредственный |
| 520 | 0_ | a | Аннотация | Учебник составлен в соответствии с требованиями ФГОС ВПО по направлению подготовки бакалавров и магистров 080200 "Менеджмент". Рассмотрены терминология, нормативные и правовые основы управления качеством, основанные на концепции TQM принципы управления качеством, требования, изложенные в МС ИСО серий 9000, 14000 и др. Приведены методы, современные информационные технологии, статистические инструменты управления и контроля качества продукции, обобщающие практический опыт ведущих отечественных и мировых компаний. Систематизированы сведения о техническом регулировании и сертификации продукции, построении эффективных и результативных систем менеджмента качества. Учебник может быть полезным студентам, обучающимся по смежным направлениям подготовки (230100 "Информатика и вычислительная техника" и др.), преподавателям и аспирантам вузов, а также руководителям и менеджерам организаций, чья деятельность направлена на обеспечение качества и конкурентоспособности продукции. |
| 583 | a | Действие | Приписка : УМК | |
| 653 | 0_ | a | Ключевые слова | Контроль качества |
| a | Ключевые слова | Менеджмент | ||
| a | Ключевые слова | Сертицикация продукции | ||
| a | Ключевые слова | Стандартизация | ||
| a | Ключевые слова | Управление качеством | ||
| 655 | a | Жанр/ форма (устаревшее) | У | |
| 773 | 18 | w | Контрольный № источника | 117609 |
| w | Контрольный № источника | RU/IS/BASE/540994019 | ||
| w | Контрольный № источника | 115929 | ||
| w | Контрольный № источника | RU/IS/BASE/552141531 | ||
| 900 | a | Имя макрообъекта | 001-000097476-000000000-0000-0000-00 | |
| 901 | t | Тип документа | m | |
| 905 | a | Дата создания записи | 06.11.13 | |
| a | Дата создания записи | 11.05.17 | ||
| c | Дата приписки | 25.04.23 | ||
| c | Дата приписки | 04.05.23 | ||
| 940 | a | ФУСК | ||
| d | Управление качеством | |||
| 952 | g | 1 | ||
| b | Гриф литературы для ВШ | Гриф УМО | ||
| a | Тип литературы для КСУ ВШ | У1 | ||
| 954 | c | 25.09.13 | ||
| c | 31.05.17 | |||
| 990 | h | N записи в КСУ для Б/У (DOS) | 36/2013 | |
| j | Количество экземпляров (DOS) | 2 | ||
| a | Автор заказа (DOS) | МЕН | ||
| b | Заказано (DOS) | 2 | ||
| g | Размещение заказа (DOS) | ИП Тихонова | ||
| c | Приоритет заказа (DOS) | д | ||
| f | Даты поступлений (DOS) | 19.07.13 |